| 000 | 00362nam a2200097Ia 4500 | ||
|---|---|---|---|
| 008 | 220120s9999||||xx |||||||||||||| ||und|| | ||
| 100 |
_aHarsha, Karun Kariappa and Sajan Ponnappa _912456 |
||
| 245 | 0 | _aLRAP: A location based remote client authentication protocol | |
| 260 |
_aCoorg Institute of Technology _bPonnampet _c2002 |
||
| 650 | _aELECTRONICS AND COMMUNICATIONS | ||
| 999 |
_c138043 _d138043 |
||